000 00300nam a2200121 a 4500
005 20141022141958.0
008 120306s19uu xx 00 eng d
050 _aCD-ROM
_bAr6 2006
100 _aArntson, Amy E.
245 _aDigital design basics /
_cAmy Arntson.
260 _c2006.
942 _cAVM
999 _c276107
_d276107